[Event "CZE-chT 2122"]
[Site "Czech Republic"]
[Date "2021.10.17"]
[Round "2.4"]
[White "Yemelin, Vasily"]
[Black "Rasik, Vitezslav"]
[Result "1/2-1/2"]
[WhiteElo "2527"]
[BlackElo "2425"]
[PlyCount "28"]
[EventDate "2021.10.15"]
[EventType "team-tourn"]
[EventRounds "15"]
[EventCountry "CZE"]
[SourceTitle "CBM 204 Extra"]
[Source "ChessBase"]
[SourceDate "2021.11.30"]
[SourceVersion "1"]
[SourceVersionDate "2021.11.30"]
[SourceQuality "1"]
[WhiteTeam "Lysa nad Labem"]
[BlackTeam "Ostrava Labortech"]
[WhiteTeamCountry "CSR"]
[BlackTeamCountry "CZE"]

1. e4 d6 2. d4 g6 3. Nf3 Nf6 4. Bd3 Bg7 5. 0-0 0-0 6. Re1 Nc6 7. c3 e5 8. Nbd2 Nh5 9. Nb3 h6 10. Be3 Qf6 11. g3 Bg4 12. Be2 Qd8 13. dxe5 dxe5 14. Qc1 Nf6 1/2-1/2

[Event "EU-Cup 35th"]
[Site "Ulcinj"]
[Date "2019.11.14"]
[Round "5.2"]
[White "Matlakov, Maxim"]
[Black "Yemelin, Vasily"]
[Result "1/2-1/2"]
[WhiteElo "2710"]
[BlackElo "2533"]
[PlyCount "111"]
[EventDate "2019.11.10"]
[EventType "team-swiss"]
[EventRounds "7"]
[EventCountry "MNE"]
[SourceTitle "CBM 193 Extra"]
[Source "ChessBase"]
[SourceDate "2020.01.31"]
[SourceVersion "1"]
[SourceVersionDate "2020.01.31"]
[SourceQuality "1"]
[WhiteTeam "Mednyi Vsadnik"]
[BlackTeam "Lysa nad Labem Joly"]
[WhiteTeamCountry "RUS"]
[BlackTeamCountry "CZE"]

1. d4 Nf6 2. c4 e6 3. Nf3 b6 4. a3 Ba6 5. Qc2 Bb7 6. Nc3 c5 7. e4 cxd4 8. Nxd4 Nc6 9. Nxc6 Bxc6 10. Bf4 Nh5 11. Be3 Bc5 12. Bxc5 bxc5 13. Qe2 g6 14. Qe3 Qb8 15. 0-0-0 Qf4 16. Qxf4 Nxf4 17. g3 Nh5 18. Rg1 Ke7 19. e5 f6 20. f4 g5 21. exf6+ Nxf6 22. fxg5 Ng4 23. h4 h6 24. gxh6 Rxh6 25. Re1 Rg8 26. Bg2 Bxg2 27. Rxg2 Nf6 28. Re5 d6 29. Rg5 Rxg5 30. hxg5 Rh1+ 31. Kc2 Nh7 32. Ne4 d5 33. cxd5 exd5 34. Nf2 Rh5 35. g6 Nf6 36. Nd3 Ne4 37. Nf4 Rg5 38. Kd3 Kd6 39. Ke3 Nf6 40. Kf3 Ng4 41. Re2 Ne5+ 42. Kg2 a5 43. a4 c4 44. Kh3 d4 45. Re4 d3 46. Rd4+ Ke7 47. Rd5 Kf6 48. Kg2 Rg4 49. Kh3 Rg5 50. Kg2 Rg4 51. Rd6+ Kf5 52. Kf2 Nxg6 53. Nxg6 Rxg6 54. Rxg6 Kxg6 55. Ke3 Kf5 56. b3 1/2-1/2

[Event "EU-Cup 35th"]
[Site "Ulcinj"]
[Date "2019.11.13"]
[Round "4.3"]
[White "Yemelin, Vasily"]
[Black "Zvjaginsev, Vadim"]
[Result "1-0"]
[WhiteElo "2533"]
[BlackElo "2626"]
[PlyCount "97"]
[EventDate "2019.11.10"]
[EventType "team-swiss"]
[EventRounds "7"]
[EventCountry "MNE"]
[SourceTitle "CBM 193 Extra"]
[Source "ChessBase"]
[SourceDate "2020.01.31"]
[SourceVersion "1"]
[SourceVersionDate "2020.01.31"]
[SourceQuality "1"]
[WhiteTeam "Lysa nad Labem Joly"]
[BlackTeam "Moscow Chess Team"]
[WhiteTeamCountry "CZE"]
[BlackTeamCountry "RUS"]

1. e4 d6 2. d4 Nf6 3. Nc3 g6 4. f4 Bg7 5. Nf3 0-0 6. Bd3 Na6 7. 0-0 c5 8. d5 Bg4 9. Bc4 Nc7 10. h3 Bxf3 11. Qxf3 a6 12. a4 b6 13. Qd3 Qc8 14. Be3 Rb8 15. Rab1 Nd7 16. Kh1 f5 17. exf5 gxf5 18. Rf3 Kh8 19. b4 cxb4 20. Rxb4 b5 21. axb5 axb5 22. Bxb5 Nxb5 23. Nxb5 Nc5 24. Qe2 Ne4 25. Ra4 Rxb5 26. Qxb5 Nc3 27. Qc4 Nxa4 28. Qxa4 Qb7 29. c4 Qb1+ 30. Kh2 Qe4 31. Qb3 Bf6 32. c5 dxc5 33. Bxc5 Rd8 34. Qa3 Rg8 35. d6 exd6 36. Bxd6 h5 37. Qc5 Kh7 38. Qf2 Qd5 39. Bb4 Qd4 40. Qe1 Qb2 41. Bd2 Rg6 42. Qe2 Kh6 43. Rd3 Bh4 44. Qe5 Qb7 45. g3 Bf6 46. Qxf5 Qe7 47. Re3 Qc7 48. Qe4 Kh7 49. Rd3 1-0

[Event "EU-Cup 35th"]
[Site "Ulcinj"]
[Date "2019.11.11"]
[Round "2.9"]
[White "Fernandez, Daniel Howard"]
[Black "Yemelin, Vasily"]
[Result "1/2-1/2"]
[WhiteElo "2444"]
[BlackElo "2533"]
[PlyCount "97"]
[EventDate "2019.11.10"]
[EventType "team-swiss"]
[EventRounds "7"]
[EventCountry "MNE"]
[SourceTitle "CBM 193 Extra"]
[Source "ChessBase"]
[SourceDate "2020.01.31"]
[SourceVersion "1"]
[SourceVersionDate "2020.01.31"]
[SourceQuality "1"]
[WhiteTeam "Gent"]
[BlackTeam "Lysa nad Labem Joly"]
[WhiteTeamCountry "BEL"]
[BlackTeamCountry "CZE"]

1. e4 c5 2. Nf3 e6 3. g3 Nc6 4. Bg2 Nf6 5. Qe2 d6 6. c3 Be7 7. 0-0 0-0 8. Rd1 d5 9. d3 Re8 10. Na3 a6 11. Nc2 b5 12. e5 Nd7 13. h4 a5 14. Bg5 Qc7 15. d4 b4 16. Ne3 bxc3 17. bxc3 Ba6 18. Qc2 cxd4 19. cxd4 Rac8 20. Bxe7 Nxe7 21. Qd2 Qc3 22. Bf1 Bxf1 23. Kxf1 f6 24. exf6 Nxf6 25. Rac1 Qxd2 26. Nxd2 Nc6 27. Nf3 Ne4 28. Ng5 Nxg5 29. hxg5 Ne7 30. Ke2 Kf7 31. Ng4 Kg6 32. f4 h5 33. gxh6 gxh6 34. Ne5+ Kg7 35. Kd3 Ng6 36. Rc5 Nxe5+ 37. fxe5 Rf8 38. Rxc8 Rxc8 39. Rb1 Rc4 40. Rb7+ Kf8 41. Rh7 Ra4 42. Rxh6 Ra3+ 43. Kc2 Kf7 44. Rh7+ Kg6 45. Re7 Kf5 46. g4+ Ke4 47. Kb2 Rg3 48. Rxe6 Kxd4 49. Ra6 1/2-1/2

[Event "CZE-chT 1920"]
[Site "Czech Republic"]
[Date "2019.10.12"]
[Round "1.6"]
[White "Koziol, Kamil"]
[Black "Yemelin, Vasily"]
[Result "1-0"]
[WhiteElo "2283"]
[BlackElo "2546"]
[PlyCount "89"]
[EventDate "2019.10.12"]
[EventType "team-tourn"]
[EventRounds "11"]
[EventCountry "CZE"]
[SourceTitle "EXT 2020"]
[Source "ChessBase"]
[SourceDate "2019.10.17"]
[SourceVersion "1"]
[SourceVersionDate "2019.10.17"]
[SourceQuality "1"]
[WhiteTeam "Ostrava Labortech"]
[BlackTeam "Lysa nad Labem"]
[WhiteTeamCountry "CZE"]
[BlackTeamCountry "CZE"]

1. e4 e6 2. d4 d5 3. Nc3 Nf6 4. Bg5 Bb4 5. e5 h6 6. Bd2 Bxc3 7. bxc3 Ne4 8. Bc1 c5 9. Ne2 Qa5 10. f3 Ng5 11. h4 Nh7 12. Kf2 Nc6 13. g4 Bd7 14. Bg2 0-0-0 15. f4 f6 16. Bf3 Rdf8 17. Qd3 Be8 18. a4 fxe5 19. fxe5 c4 20. Qe3 Bg6 21. Ba3 Rf7 22. Nf4 Bxc2 23. Rhc1 Be4 24. Bxe4 g5 25. hxg5 hxg5 26. Bc2 Rxf4+ 27. Kg3 Nf8 28. Rh1 Rg8 29. Rh6 Qc7 30. Rah1 Qf7 31. Rh8 Ng6 32. Rxg8+ Qxg8 33. Rh5 Nge7 34. Rxg5 Qxg5 35. Qxf4 Qg8 36. Qf6 Kd7 37. g5 a6 38. g6 b5 39. axb5 axb5 40. g7 Qa8 41. Bxe7 Nxe7 42. Qf7 Qa1 43. Kh2 Qa8 44. Bg6 b4 45. Qf8 1-0

[Event "FIN-chT 1920"]
[Site "Finland"]
[Date "2019.09.15"]
[Round "2.1"]
[White "Yemelin, Vasily"]
[Black "Nazarova, Anastasia"]
[Result "1-0"]
[WhiteElo "2545"]
[BlackElo "2158"]
[PlyCount "95"]
[EventDate "2019.09.14"]
[EventType "team-tourn"]
[EventRounds "11"]
[EventCountry "FIN"]
[SourceTitle "EXT 2020"]
[Source "ChessBase"]
[SourceDate "2019.10.17"]
[SourceVersion "1"]
[SourceVersionDate "2019.10.17"]
[SourceQuality "1"]
[WhiteTeam "Helsinki Ninja"]
[BlackTeam "Espoo MatSK II"]
[WhiteTeamCountry "FIN"]
[BlackTeamCountry "FIN"]

1. e4 e5 2. Nf3 Nc6 3. Bb5 a6 4. Ba4 Nf6 5. d3 b5 6. Bb3 Be7 7. 0-0 0-0 8. Re1 d6 9. c3 Nb8 10. Nbd2 h6 11. Nf1 Re8 12. a4 Bb7 13. axb5 axb5 14. Rxa8 Bxa8 15. Ne3 Bf8 16. g4 d5 17. Nxd5 Nxg4 18. Ng5 Bxd5 19. Bxd5 hxg5 20. Qxg4 c6 21. Bxg5 Be7 22. Bh6 Bf6 23. Bb3 Qd7 24. Qxd7 Nxd7 25. Be3 Ra8 26. d4 Be7 27. f4 exf4 28. Bxf4 c5 29. Bd5 Ra6 30. Be3 c4 31. e5 Nf8 32. Be4 Ra2 33. Rb1 Ne6 34. Bc6 b4 35. Bd5 bxc3 36. bxc3 Ra3 37. Bd2 Ra2 38. Be3 Re2 39. Bf2 Nf4 40. Bxc4 Rc2 41. Be1 Bg5 42. h4 Bh6 43. d5 g6 44. d6 Bf8 45. d7 Bc5+ 46. Kf1 Rg2 47. d8Q+ Kh7 48. Qg5 1-0

[Event "FIN-chT 1819"]
[Site "Finland"]
[Date "2018.12.08"]
[Round "5.1"]
[White "Turov, Maxim"]
[Black "Yemelin, Vasily"]
[Result "1-0"]
[WhiteElo "2575"]
[BlackElo "2536"]
[PlyCount "111"]
[EventDate "2018.09.15"]
[EventType "team-tourn"]
[EventRounds "11"]
[EventCountry "FIN"]
[SourceTitle "CBM 189 Extra"]
[Source "ChessBase"]
[SourceDate "2019.06.03"]
[SourceVersion "1"]
[SourceVersionDate "2019.06.03"]
[SourceQuality "1"]
[WhiteTeam "Turku TuTS"]
[BlackTeam "Helsinki Comeon"]
[WhiteTeamCountry "FIN"]
[BlackTeamCountry "FIN"]

1. d4 Nf6 2. c4 e6 3. Nf3 b6 4. g3 Bb7 5. Bg2 Be7 6. 0-0 0-0 7. Re1 d5 8. cxd5 exd5 9. Bg5 Nbd7 10. Nc3 Ne4 11. Bxe7 Qxe7 12. Rc1 c5 13. e3 Rfc8 14. Qb3 Nxc3 15. Qxc3 Nf6 16. Qa3 Kf8 17. Ne5 a5 18. Rc3 g6 19. Rb3 Qd6 20. Nd3 Nd7 21. dxc5 Nxc5 22. Rc1 Ra7 23. Rbc3 d4 24. exd4 Qxd4 25. Nxc5 Rxc5 26. Rxc5 bxc5 27. Qxc5+ Qxc5 28. Rxc5 Bxg2 29. Kxg2 Rb7 30. b3 a4 31. bxa4 Rb2 32. a5 Rxa2 33. g4 h6 34. h4 Ke7 35. Kg3 Ke6 36. Rb5 Ra4 37. Rb6+ Ke5 38. Rb5+ Ke6 39. f3 Ke7 40. h5 Kf6 41. hxg6 fxg6 42. Rb6+ Kg7 43. a6 h5 44. g5 Kf7 45. f4 Ra3+ 46. Kg2 h4 47. Rc6 Kg7 48. Kh2 Kf7 49. Rb6 Re3 50. Rb7+ Ke6 51. Rb8 Ra3 52. Rf8 Kd5 53. Rf6 Ke4 54. f5 gxf5 55. g6 Kf3 56. g7 1-0

[Event "CZE-chT 1718"]
[Site "Czech Republic"]
[Date "2017.12.02"]
[Round "3.6"]
[White "Smirin, Ilia"]
[Black "Yemelin, Vasily"]
[Result "1-0"]
[WhiteElo "2625"]
[BlackElo "2556"]
[PlyCount "81"]
[EventDate "2017.11.18"]
[EventType "team-tourn"]
[EventRounds "11"]
[EventCountry "CZE"]
[SourceTitle "CBM 181 Extra"]
[Source "ChessBase"]
[SourceDate "2017.12.12"]
[SourceVersion "1"]
[SourceVersionDate "2017.12.12"]
[SourceQuality "1"]
[WhiteTeam "Pardubice"]
[BlackTeam "Lysa nad Labem"]
[WhiteTeamCountry "CZE"]
[BlackTeamCountry "CZE"]

1. e4 e5 2. Nf3 Nc6 3. Bb5 Nf6 4. d3 d6 5. 0-0 Be7 6. c3 0-0 7. Re1 Bd7 8. a4 Re8 9. Nbd2 Bf8 10. a5 h6 11. Nf1 b6 12. b4 a6 13. Ba4 bxa5 14. bxa5 Na7 15. Bb3 Be6 16. Bc2 c5 17. d4 cxd4 18. cxd4 Nb5 19. Bb2 Bg4 20. dxe5 Bxf3 21. Qxf3 dxe5 22. Ne3 Rc8 23. Bb3 Qd3 24. Nc4 Qxf3 25. gxf3 Nd4 26. Bxd4 exd4 27. e5 Nd7 28. Nb6 Nxb6 29. axb6 Rb8 30. Rxa6 Bc5 31. Ra7 Rf8 32. e6 Bxb6 33. exf7+ Kh7 34. Rd7 Bc5 35. Bc2+ g6 36. Re5 Rbc8 37. Re6 Ba3 38. Be4 Rcd8 39. Rxg6 Kh8 40. Bd5 Kh7 41. Rg8 1-0

[Event "FIN-chT 1718"]
[Site "Finland"]
[Date "2017.10.22"]
[Round "4.1"]
[White "Yemelin, Vasily"]
[Black "Karttunen, Mika"]
[Result "1/2-1/2"]
[WhiteElo "2559"]
[BlackElo "2464"]
[PlyCount "118"]
[EventDate "2017.09.16"]
[EventType "team-tourn"]
[EventRounds "11"]
[EventCountry "FIN"]
[SourceTitle "EXT 2019"]
[Source "ChessBase"]
[SourceDate "2018.10.10"]
[SourceVersion "1"]
[SourceVersionDate "2018.10.10"]
[SourceQuality "1"]
[WhiteTeam "Helsinki SSK"]
[BlackTeam "Tampere Tammer"]
[WhiteTeamCountry "FIN"]
[BlackTeamCountry "FIN"]

1. e4 c5 2. Nf3 Nc6 3. d4 cxd4 4. Nxd4 e5 5. Nb5 d6 6. c4 Be7 7. N1c3 a6 8. Na3 Be6 9. Nc2 Rc8 10. b3 Nf6 11. Be2 0-0 12. Bb2 b5 13. cxb5 axb5 14. Bf3 Qa5 15. 0-0 Nb8 16. b4 Qb6 17. a3 Bb3 18. Qd2 Bxc2 19. Qxc2 Nc6 20. Qd3 Nd4 21. Bd1 Rc4 22. Nb1 d5 23. exd5 Nxd5 24. Nd2 Rc7 25. Nb3 Bf6 26. Nxd4 exd4 27. g3 Nc3 28. Bc2 g6 29. Rae1 Qc6 30. Bb3 Kg7 31. h4 Re8 32. h5 Rce7 33. Rxe7 Rxe7 34. Bxc3 Qxc3 35. Rd1 Re1+ 36. Kh2 Rxd1 37. Qxc3 dxc3 38. Bxd1 gxh5 39. a4 bxa4 40. Bxa4 h4 41. Kg2 h5 42. b5 hxg3 43. fxg3 Be5 44. b6 Kf6 45. Kf3 Kg5 46. b7 Bb8 47. Bd1 Kf5 48. Ke3 Kg5 49. Kd3 Be5 50. b8Q Bxb8 51. Kxc3 Bxg3 52. Kd3 h4 53. Bf3 Kf4 54. Ke2 Bh2 55. Bd5 f5 56. Bc6 Kg3 57. Bd5 Bg1 58. Bc6 Bb6 59. Bd5 Ba7 1/2-1/2

[Event "CZE-chT 1617"]
[Site "Czech Republic"]
[Date "2016.12.10"]
[Round "3.6"]
[White "Yemelin, Vasily"]
[Black "Burdalev, Kirill"]
[Result "1-0"]
[WhiteElo "2558"]
[BlackElo "2347"]
[PlyCount "149"]
[EventDate "2016.10.08"]
[EventType "team-tourn"]
[EventRounds "11"]
[EventCountry "CZE"]
[SourceTitle "CBM 177 Extra"]
[Source "ChessBase"]
[SourceDate "2017.04.27"]
[SourceVersion "1"]
[SourceVersionDate "2017.04.27"]
[SourceQuality "1"]
[WhiteTeam "Lysa nad Labem"]
[BlackTeam "Brno Lokomotiva"]
[WhiteTeamCountry "CZE"]
[BlackTeamCountry "CZE"]

1. e4 e5 2. Nf3 Nc6 3. Bb5 a6 4. Ba4 d6 5. 0-0 Bd7 6. c4 Nf6 7. Nc3 Bg4 8. d4 Nd7 9. Bxc6 bxc6 10. d5 c5 11. h3 Bxf3 12. Qxf3 Be7 13. a3 0-0 14. b4 Bg5 15. Na4 Nb6 16. Nb2 g6 17. bxc5 dxc5 18. Qc3 Bxc1 19. Raxc1 Qd6 20. f4 f6 21. fxe5 fxe5 22. Nd3 Rxf1+ 23. Rxf1 Nd7 24. a4 Rb8 25. a5 Rb7 26. Qc2 Rb8 27. Rb1 Rxb1+ 28. Qxb1 Kg7 29. Qb2 Kf7 30. Qb7 Nf6 31. Nf2 h5 32. Qc8 Nd7 33. Nd3 Ke7 34. g3 Nf6 35. Nf2 Nd7 36. Kg2 Nf6 37. Kf3 Nd7 38. Ke2 Nf6 39. Kd3 Ne8 40. Ke3 Qf6 41. Ke2 Qd6 42. Nd3 Nf6 43. Ke3 Ne8 44. Ne1 Qd7 45. Qxa6 Nd6 46. Nf3 Qa4 47. Nd2 Qa3+ 48. Ke2 Qxg3 49. Qc6 Qg2+ 50. Kd1 Qg1+ 51. Kc2 Kd8 52. a6 Qa1 53. h4 Qa2+ 54. Kd3 Qa3+ 55. Ke2 Qa2 56. Kd3 Qa3+ 57. Ke2 Qa2 58. Qa8+ Nc8 59. a7 Qxa7 60. Qxa7 Nxa7 61. Nf3 Nc8 62. Nxe5 Ne7 63. Ke3 Ke8 64. Nd3 c6 65. Nxc5 cxd5 66. cxd5 Kf7 67. Kf4 Nc8 68. e5 Ne7 69. e6+ Kf6 70. Ne4+ Kg7 71. Ke5 g5 72. Nxg5 Ng6+ 73. Kd6 Nxh4 74. e7 Nf5+ 75. Kd7 1-0

[Event "Helsinki ShakkiNet 7th"]
[Site "Helsinki"]
[Date "2016.06.05"]
[Round "7"]
[White "Sammalvuo, Tapani"]
[Black "Yemelin, Vasily"]
[Result "1/2-1/2"]
[WhiteElo "2431"]
[BlackElo "2551"]
[PlyCount "28"]
[EventDate "2016.05.30"]
[EventType "tourn"]
[EventRounds "9"]
[EventCountry "FIN"]
[EventCategory "6"]
[SourceTitle "CBM 172 Extra"]
[Source "ChessBase"]
[SourceDate "2016.06.21"]
[SourceVersion "1"]
[SourceVersionDate "2016.06.21"]
[SourceQuality "1"]

1. d4 Nf6 2. c4 e6 3. g3 Bb4+ 4. Bd2 Be7 5. Bg2 d5 6. Nf3 0-0 7. 0-0 Nbd7 8. Qc2 c6 9. Bf4 a5 10. Rd1 h6 11. Ne5 Nh5 12. Bd2 Nhf6 13. Bf4 Nh5 14. Bd2 Nhf6 1/2-1/2

[Event "Helsinki ShakkiNet 7th"]
[Site "Helsinki"]
[Date "2016.06.04"]
[Round "6"]
[White "Yemelin, Vasily"]
[Black "Keinanen, Toivo"]
[Result "1-0"]
[WhiteElo "2551"]
[BlackElo "2218"]
[PlyCount "91"]
[EventDate "2016.05.30"]
[EventType "tourn"]
[EventRounds "9"]
[EventCountry "FIN"]
[EventCategory "6"]
[SourceTitle "CBM 172 Extra"]
[Source "ChessBase"]
[SourceDate "2016.06.21"]
[SourceVersion "1"]
[SourceVersionDate "2016.06.21"]
[SourceQuality "1"]

1. e4 e6 2. d3 d5 3. Qe2 Nc6 4. Nf3 Nf6 5. e5 Nd7 6. g3 f6 7. exf6 Qxf6 8. Bg2 Bd6 9. 0-0 0-0 10. c4 Nde5 11. Nbd2 Nxf3+ 12. Nxf3 Bd7 13. Be3 Rae8 14. d4 Kh8 15. c5 Be7 16. Qd2 b6 17. b4 Rb8 18. Bg5 Qf7 19. b5 Na5 20. Ne5 Qe8 21. c6 Bc8 22. Bxe7 Qxe7 23. Qc3 Rd8 24. Rfe1 Qf6 25. Bf1 a6 26. a4 Rf8 27. Qc2 Ra8 28. Ra3 Qe7 29. Rae3 axb5 30. axb5 Nc4 31. Bxc4 dxc4 32. Qxc4 Ra5 33. Rb1 Qd6 34. Rc1 Kg8 35. Rcc3 Ra1+ 36. Kg2 Rd8 37. Rf3 Rf8 38. Rxf8+ Qxf8 39. Rf3 Qd6 40. Qb3 Qxd4 41. Qd3 Rd1 42. Qxd4 Rxd4 43. Rf7 Rd5 44. Rxc7 Rxe5 45. Rxc8+ Kf7 46. Rb8 1-0

[Event "CZE-chT 1516"]
[Site "Czech Republic"]
[Date "2016.01.09"]
[Round "5.2"]
[White "Antoniewski, Rafal"]
[Black "Yemelin, Vasily"]
[Result "1-0"]
[WhiteElo "2534"]
[BlackElo "2561"]
[PlyCount "99"]
[EventDate "2015.11.07"]
[EventType "team-tourn"]
[EventRounds "11"]
[EventCountry "CZE"]
[SourceTitle "CBM 170 Extra"]
[Source "ChessBase"]
[SourceDate "2016.02.25"]
[SourceVersion "1"]
[SourceVersionDate "2016.02.25"]
[SourceQuality "1"]
[WhiteTeam "Frydek Mistek"]
[BlackTeam "Lysa nad Labem"]
[WhiteTeamCountry "CZE"]
[BlackTeamCountry "CZE"]

1. d4 Nf6 2. Nf3 e6 3. Bg5 h6 4. Bh4 g5 5. Bg3 Nh5 6. e3 d6 7. Nfd2 Nxg3 8. hxg3 Nd7 9. c3 a6 10. a4 Bg7 11. Be2 0-0 12. g4 c5 13. a5 d5 14. Nf1 b6 15. Ng3 bxa5 16. Nd2 Rb8 17. Ra2 Re8 18. 0-0 e5 19. Nb3 cxd4 20. exd4 Qb6 21. Nxa5 exd4 22. cxd4 Qxd4 23. Nc6 Qxd1 24. Rxd1 Rxb2 25. Rxb2 Bxb2 26. Rxd5 Nf6 27. Rd2 Ba3 28. Ra2 Bc5 29. Rc2 Bf8 30. f3 Bd6 31. Kf2 Kg7 32. Nd4 Bxg3+ 33. Kxg3 h5 34. gxh5 Nxh5+ 35. Kf2 Nf4 36. Bf1 Rd8 37. Nc6 Rd6 38. Nb4 a5 39. Nc6 a4 40. g3 Ne6 41. Ne7 Nd4 42. Rxc8 Kf6 43. Rc7 a3 44. Bc4 Ne6 45. Ra7 Rd2+ 46. Ke3 Rc2 47. Kd3 Rf2 48. Ng8+ Kg6 49. Ke3 Rg2 50. g4 1-0

[Event "Arad op 8th"]
[Site "Arad"]
[Date "2015.08.10"]
[Round "7"]
[White "Yemelin, Vasily"]
[Black "Petrisor, Adrian Marian"]
[Result "1/2-1/2"]
[WhiteElo "2574"]
[BlackElo "2388"]
[PlyCount "36"]
[EventDate "2015.08.06"]
[EventType "swiss"]
[EventRounds "9"]
[EventCountry "ROU"]
[SourceTitle "CBM 167 Extra"]
[Source "ChessBase"]
[SourceDate "2015.09.14"]
[SourceVersion "1"]
[SourceVersionDate "2015.09.14"]
[SourceQuality "1"]

1. e4 e5 2. Nf3 Nc6 3. Bc4 Bc5 4. c3 Nf6 5. d3 0-0 6. Bb3 d6 7. h3 a5 8. a4 h6 9. 0-0 Ba7 10. Na3 Be6 11. Re1 Qd7 12. Nb5 Bb6 13. Bxe6 fxe6 14. Be3 Bxe3 15. Rxe3 Qf7 16. Rc1 Nh5 17. Rc2 Nf4 18. g3 Qh5 1/2-1/2

[Event "Arad op 8th"]
[Site "Arad"]
[Date "2015.08.07"]
[Round "2"]
[White "Cvetkovic, Srdjan"]
[Black "Yemelin, Vasily"]
[Result "1-0"]
[WhiteElo "2323"]
[BlackElo "2574"]
[PlyCount "81"]
[EventDate "2015.08.06"]
[EventType "swiss"]
[EventRounds "9"]
[EventCountry "ROU"]
[SourceTitle "CBM 167 Extra"]
[Source "ChessBase"]
[SourceDate "2015.09.14"]
[SourceVersion "1"]
[SourceVersionDate "2015.09.14"]
[SourceQuality "1"]

1. c4 c5 2. Nf3 Nc6 3. b3 e5 4. d3 e4 5. dxe4 Qf6 6. e5 Nxe5 7. Qc2 Nxf3+ 8. gxf3 Qxa1 9. Nc3 g6 10. Kd2 Bg7 11. Bb2 Qxb2 12. Qxb2 Ne7 13. Qc2 0-0 14. Qe4 Nc6 15. h4 h5 16. Bh3 d6 17. Nd5 Bxh3 18. Rxh3 Rae8 19. Qb1 Ne7 20. Nxe7+ Rxe7 21. f4 Rfe8 22. Re3 Rxe3 23. fxe3 Bf6 24. e4 Re7 25. e3 Kf8 26. Qh1 Ke8 27. Ke2 Kd8 28. e5 dxe5 29. fxe5 Bxe5 30. Qd5+ Ke8 31. Qxc5 Kf8 32. Qxa7 Kg7 33. Kf3 Bf6 34. Kg3 b5 35. Qb6 bxc4 36. bxc4 Re4 37. a4 Rxc4 38. a5 Ra4 39. a6 Be5+ 40. Kf3 Bb8 41. Qb2+ 1-0

[Event "Helsinki ShakkiNet-A 6th"]
[Site "Helsinki"]
[Date "2015.06.12"]
[Round "5"]
[White "Yemelin, Vasily"]
[Black "Kokkila, Tero"]
[Result "1-0"]
[WhiteElo "2573"]
[BlackElo "2285"]
[PlyCount "79"]
[EventDate "2015.06.08"]
[EventType "tourn"]
[EventRounds "9"]
[EventCountry "FIN"]
[EventCategory "7"]
[SourceTitle "CBM 166 Extra"]
[Source "ChessBase"]
[SourceDate "2015.06.18"]
[SourceVersion "1"]
[SourceVersionDate "2015.06.18"]
[SourceQuality "1"]

1. e4 e6 2. d4 d5 3. Nd2 Nf6 4. e5 Nfd7 5. f4 c5 6. Ngf3 Nc6 7. Nb3 a5 8. a4 b6 9. Be3 Qc7 10. Rc1 c4 11. Nbd2 Ne7 12. c3 b5 13. axb5 a4 14. Nb1 Nb6 15. Na3 Bd7 16. Be2 Ra5 17. Ra1 Bxb5 18. Nxb5 Rxb5 19. Qc1 Nc6 20. Bd1 Ra5 21. 0-0 Qd7 22. Bc2 g6 23. g4 Ne7 24. Nh4 h5 25. f5 hxg4 26. fxg6 fxg6 27. Nxg6 Rg8 28. Nxf8 Rxf8 29. Rxf8+ Kxf8 30. Bh6+ Ke8 31. Qg5 Kd8 32. Bf8 Qe8 33. Rf1 Nd7 34. Bg6 Qxf8 35. Rxf8+ Nxf8 36. Bf7 Rb5 37. Qh6 Nd7 38. Bxe6 Rxb2 39. Qh8+ Kc7 40. Qe8 1-0

[Event "CZE-chT 1415"]
[Site "Czech Republic"]
[Date "2015.03.28"]
[Round "10.1"]
[White "Rasik, Vitezslav"]
[Black "Yemelin, Vasily"]
[Result "0-1"]
[WhiteElo "2437"]
[BlackElo "2574"]
[PlyCount "136"]
[EventDate "2014.11.01"]
[EventType "team-tourn"]
[EventRounds "11"]
[EventCountry "CZE"]
[SourceTitle "EXT 2016"]
[Source "ChessBase"]
[SourceDate "2015.10.08"]
[SourceVersion "1"]
[SourceVersionDate "2015.10.08"]
[SourceQuality "1"]
[WhiteTeam "Ostrava Labortech"]
[BlackTeam "Lysa nad Labem"]
[WhiteTeamCountry "CZE"]
[BlackTeamCountry "CZE"]

1. e4 e6 2. d4 d5 3. Nd2 c5 4. Ngf3 cxd4 5. Nxd4 Nc6 6. Bb5 Bd7 7. Nxc6 bxc6 8. Bd3 Qc7 9. Qe2 Ne7 10. 0-0 Ng6 11. Nf3 Bd6 12. Re1 Nf4 13. Bxf4 Bxf4 14. g3 Bd6 15. c4 0-0 16. Qc2 dxc4 17. Bxc4 Rfd8 18. e5 Be7 19. Bd3 g6 20. Nd2 c5 21. Be4 Rab8 22. Nc4 Bb5 23. b3 Bxc4 24. bxc4 Qxe5 25. Bxg6 Qg7 26. Bh5 Rb2 27. Qe4 Qf6 28. Be2 Rdd2 29. Rab1 Qd4 30. Rxb2 Rxb2 31. Qa8+ Kg7 32. Rd1 Qe5 33. Bf3 Rxa2 34. Qb7 Bf6 35. Kg2 Qb2 36. Qxb2 Rxb2 37. Kf1 Bd4 38. Be2 a5 39. Rd3 Rb1+ 40. Kg2 Rb2 41. Kf1 a4 42. Ra3 Rb4 43. Bd1 Rb1 44. Ke1 Bxf2+ 45. Kxf2 Rxd1 46. h4 Rd4 47. Rxa4 Kg6 48. Kf3 h5 49. Ra8 Kg7 50. Ra4 e5 51. Kf2 f6 52. Kg2 Kg6 53. Ra8 Rxc4 54. Rg8+ Kh7 55. Rc8 Kg7 56. Kf3 Rc3+ 57. Kg2 c4 58. Kf2 Kg6 59. Rg8+ Kh7 60. Rf8 Kg7 61. Rc8 e4 62. Re8 f5 63. Re6 Rf3+ 64. Kg2 c3 65. Rc6 Kf7 66. Rh6 Ke7 67. Rc6 Kd7 68. Rc4 Kd6 0-1

[Event "CZE-chT 1415"]
[Site "Czech Republic"]
[Date "2014.11.01"]
[Round "1.1"]
[White "Yemelin, Vasily"]
[Black "Jurcik, Martin"]
[Result "1-0"]
[WhiteElo "2574"]
[BlackElo "2369"]
[PlyCount "75"]
[EventDate "2014.11.01"]
[EventType "team-tourn"]
[EventRounds "11"]
[EventCountry "CZE"]
[SourceTitle "EXT 2015"]
[Source "ChessBase"]
[SourceDate "2014.11.20"]
[SourceVersion "1"]
[SourceVersionDate "2014.11.20"]
[SourceQuality "1"]
[WhiteTeam "Lysa nad Labem"]
[BlackTeam "Karvina"]
[WhiteTeamCountry "CZE"]
[BlackTeamCountry "CZE"]

1. e4 g6 2. d4 Bg7 3. Nf3 d6 4. c3 Nf6 5. Bd3 0-0 6. 0-0 c5 7. h3 cxd4 8. cxd4 Nc6 9. Nc3 b6 10. Bg5 Bb7 11. Re1 Rc8 12. Rc1 h6 13. Be3 e6 14. a3 Na5 15. Nd2 Nc6 16. b4 a6 17. b5 axb5 18. Nxb5 Na5 19. Rxc8 Bxc8 20. Qb1 Bb7 21. Qb4 Ne8 22. Rc1 Nc6 23. Qb1 Na5 24. Qb4 Nc6 25. Qb1 Na5 26. Nb3 Qa8 27. Nxa5 bxa5 28. f3 Bc6 29. a4 Bd7 30. Qc2 Qb8 31. Qd2 Qb6 32. d5 Qb8 33. dxe6 Bxe6 34. Qxa5 d5 35. Qa7 Qg3 36. Bf2 Qg5 37. Qe3 Qe7 38. exd5 1-0